=LDR 00000nam 2200000 4500 =001 INLIS000000000019785 =005 20130612114819 =008 ***********************************Ind** =035 ##$$0010-061300000019785 =041 ##$$a Ind =082 ##$$a 920.003 =090 ##$$a 920.003, Pra p =100 ##$$a Pranoto K =245 ##$$a Penemu-penemu pertama, Pranoto K, Saaduddin Ibrahim =260 ##$$a 1987 $b Jakarta =300 ##$$a x, 284 hlm, ilus, 21 cm =650 ##$$a Biografi-penemu =850 ##$$a NBPNMAT